Loading...
Text book of Geology
| Main Author: | |
|---|---|
| Format: | Printed Book |
| Language: | English |
| Published: |
India
CBS Publishers
2006
|
| Subjects: |
| LEADER | 00517nam a22001457a 4500 | ||
|---|---|---|---|
| 005 | 20151028162258.0 | ||
| 008 | 090810t xxu||||| |||| 00| 0 eng d | ||
| 082 | |a 550 |b P63 | ||
| 100 | |a Mahapatra, Girija Bhushan |9 16854 | ||
| 245 | |a Text book of Geology | ||
| 653 | |a Physical geology |a Geomorphology |a Petrologgy | ||
| 942 | |c BK |6 _ | ||
| 260 | |a India |b CBS Publishers |c 2006 | ||
| 999 | |c 78759 |d 78759 | ||
| 952 | |0 0 |1 0 |2 ddc |4 0 |6 550_P63 |7 0 |9 92009 |a SOS |b SOS |c CART |d 2010-01-25 |l 24 |m 11 |o 550 P63 |p MS013840 |r 2015-10-16 |s 2015-09-08 |w 2009-08-10 |y BK | ||